Writing on the body : female embodiment and feminist theory

Αποθηκεύτηκε σε:
Λεπτομέρειες βιβλιογραφικής εγγραφής
Άλλοι συγγραφείς: Conboy, Katie (Επιμελητής έκδοσης), Medina, Nadia (Επιμελητής έκδοσης), Stanbury, Sarah (Επιμελητής έκδοσης)
Μορφή: Βιβλίο
Γλώσσα:English
Δημοσίευση: New York : Columbia University Press, c1997
Σειρά:A Gender and culture reader
Θέματα:
Ετικέτες: Προσθήκη ετικέτας
Δεν υπάρχουν, Καταχωρήστε ετικέτα πρώτοι!

MARC

LEADER 00000nam a2200000 i 4500
001 1/97656
008 081119s1997 eng d
020 |a 0-231-10545-2 
035 |l 10101800 
040 |a GR-MY-UA  |b gre  |e aacr 
041 0 |a eng 
082 0 |a 305.4  |2 (22) 
245 1 0 |a Writing on the body :  |b female embodiment and feminist theory /  |c edited by Katie Conboy, Nadia Medina, and Sarah Stanbury 
260 |a New York :   |b Columbia University Press,   |c c1997 
300 |a x, 430 σ.;  |b εικ.;  |c 24 εκ. 
490 1 |a A Gender and culture reader 
504 |a Βιβλιογραφία: σ. [419]-425 
650 0 0 |a Feminist literary criticism. 
650 0 0 |a Human body in literature. 
650 0 0 |a Women in literature. 
650 0 0 |a Sex in literature. 
650 0 0 |a Feminism and the arts. 
700 1 |a Conboy, Katie.  |4 edt 
700 0 |a Medina, Nadia.  |4 edt 
700 1 |a Stanbury, Sarah.  |4 edt 
852 |a INST  |b LESVOS  |e 20081119  |h 305.4 WRI  |p 005100043506  |q 005100043506  |t BK  |y 0 
901 |a BIBL1-2008-3 
909 |a Λ  |b 157203 
920 |a ΕΠΕΑΕΚ ΠΜΣ ΓΥΝΑΙΚΕΣ ΚΑΙ ΦΥΛΑ  |y ΛΕΣΒΟΣ  |z 2008-09 
970 |a ΚΑΡΑ  |b ΓΙΑΣΕΜΗ  |z 2008/11/19